Statistics for Famous People Born in Montana

Click here to take the quiz!

General Stats

  • This quiz has been taken 100 times
  • The average score is 2 of 6

Answer Stats

DescriptionFamous PersonBirth City% Correct
Director of The Iron Giant, The Incredibles and RatatouilleBrad BirdKalispell
56%
Silver screen actor of High NoonGary CooperHelena
50%
Director of Twin PeaksDavid LynchMissoula
34%
Actress of My Week With MarylinMichelle WilliamsKalispell
22%
Actor best known as Shangri Llama in Ice Age 5Jesse Tyler FergusonMissoula
16%
Late animator for PixarBud LuckeyBillings
13%

Score Distribution

Percentile by Number Answered

Percent of People with Each Score

Your Score History

You have not taken this quiz